'XYZ' geography sampler Quiz Stats

 Plays Quiz not verified by Sporcle

Score 0/38 Timer 15:00
0 Plays Today
category answer % Correct
countriesYemen
95.6%
countriesZambia
94.4%
countriesZimbabwe
93.5%
world capitalsZagreb, Croatia
70.4%
European citiesZagreb, Croatia
70.4%
world capitalsYerevan, Armenia
54.4%
Asian citiesXi'an, China
54.1%
world capitalsYaoundé, Cameroon
48.2%
African citiesYaoundé, Cameroon
48.2%
European citiesZürich, Switzerland
41.7%
world capitalsYamoussoukro, Côte d'Ivoire
40.2%
African citiesYamoussoukro, Côte d'Ivoire
40.2%
world capitalsYaren, Nauru
38.5%
Oceanian citiesYoung, Australia
32.8%
European citiesZaragoza, Spain
31.7%
North American citiesYonkers, U.S.A.
29.6%
Asian citiesYangon, Myanmar
29.3%
African citiesZanzibar, Tanzania
24.9%
Asian citiesZhengzhou, China
21.9%
category answer % Correct
Asian citiesYokohama, Japan
21.6%
European citiesYaroslavl, Russia
11.8%
North American citiesZapopan, Mexico
8.3%
European citiesZaporizhia, Ukraine
7.1%
African citiesZaria, Nigeria
7.1%
North American citiesZamora, Mexico
4.1%
North American citiesXalapa, Mexico
3.8%
Oceanian citiesYass, Australia
3.8%
African citiesZagazig, Egypt
3%
North American citiesXico, Mexico
2.4%
South American citiesZárate, Argentina
2.1%
Asian citiesXinyang, China
1.5%
Oceanian citiesYeppoon, Australia
1.5%
South American citiesYopal, Colombia
1.2%
South American citiesYacuiba, Bolivia
1.2%
Oceanian citiesYigo, Guam (U.S.A.)
1.2%
South American citiesYaritagua, Venezuela
0.9%
South American citiesZipaquirá, Colombia
0.9%
Oceanian citiesYarrawonga, Australia
0.9%

You're not logged in!

Compare scores with friends on all Sporcle quizzes.
OR
Log In

Show Comments

Extras

Top Quizzes Today


Score Distribution

Your Account Isn't Verified!

In order to create a playlist on Sporcle, you need to verify the email address you used during registration. Go to your Sporcle Settings to finish the process.

Report this User

Report this user for behavior that violates our Community Guidelines.

Details: